|
|
|
|
| LEADER |
00000nab a2200000 a 4500 |
| 001 |
vtls000787589 |
| 003 |
SK-MaSNL |
| 005 |
20260304212519.0 |
| 008 |
250429c2001 xo 0 slo |
| 015 |
|
|
|a SNBRB2002/03-09537
|
| 035 |
|
|
|a CLN000139244
|
| 035 |
|
|
|a urn:nbn:sk:snk-ab98ue
|
| 035 |
|
|
|a (urnnbn)urn:nbn:sk:snk:ar-a081zw
|
| 035 |
|
|
|a (uuid)6741d13d-c53b-4fef-a8e4-d11bd20048c9
|
| 040 |
|
|
|a SNKBUCL
|b slo
|c SNKBUCL
|e AACR2
|
| 041 |
0 |
|
|a slo
|
| 044 |
|
|
|a xo
|c SK
|
| 080 |
|
|
|a 929.52Habsburg
|2 1997
|
| 080 |
|
|
|a 943.95
|2 1997
|
| 080 |
|
|
|a 943.6
|2 1997
|
| 245 |
0 |
0 |
|a Otto von Habsburg v kruhu slovenských historikov
|c spracovala Táňa Kusá ; preklad Ľuba Tvarožková
|
| 300 |
|
|
|b Fotogr.
|
| 600 |
1 |
7 |
|a Habsburg, Otto von,
|d 1912-2011
|2 snkbucl
|9 17638
|
| 600 |
3 |
7 |
|a Habsburg (rod)
|2 snkbucl
|
| 655 |
|
7 |
|a články z novín a časopisov
|2 snkbucl
|9 267496
|
| 700 |
1 |
|
|a Tvarožková, Ľuba
|4 trl
|9 11153
|
| 700 |
1 |
|
|a Kusá, Tatiana,
|d 1952-
|4 apd
|9 157526
|
| 773 |
0 |
|
|t História
|g Roč. 1, č. 3 (2001), s. 30-31
|x 2457-2000
|
| 850 |
|
|
|a Slovenská národná knižnica
|
| 852 |
|
|
|a Slovenská národná knižnica
|
| 954 |
|
|
|a odborná, vedecká literatúra pôvodná (slovenská)
|2 lita
|
| 958 |
|
|
|a article13
|
| 958 |
|
|
|a OND
|
| 958 |
|
|
|a EUIPO
|
| 992 |
|
|
|a RBX
|
| 999 |
|
|
|c 3131681
|d 3133611
|